00450nam a2200181 a 4500001001300000003000900013005001700022008004100039020001000080082001600090100001700106245002000123260004700143300000900190500003500199650001700234700001700251nice12345678IN_TiNIC20260116014750.0071218s2008 newa grp 000 0 eng  ac90000a297.5bANS1 aAnsari, Amir aEthics in Islam aNew Delhi bCyber Tech Publications c2008 a264p aincludes index and biblioraphy aIslam-Ethics1 aAnsari, Amir